000 00638nas a2200229 4500
001 BR9509305
003 BR-BrBNA
005 20231205094541.0
007 ta
008 230509b bl.|||p| |||| 00| 00por d
040 _aBR-BrBNA
_bpor
_cBiblioteca Nacional de Agricultura
041 _a(Pt)
072 _aF70; F01
100 1 _aDomingues, R.C.
245 1 _aConheca melhor azevinho, acacia-mimosa, pileia
650 _aVisgueira
650 _aAcacia
650 _aPlanta Ornamental
773 0 _tNatureza (Brazil)
_x
_g(Dec 1993), v. 6(71) p. 51-57
_wBR9509305
909 _a202311
_bLúcia
_c55
_dLúcia Elande
942 _2AGRIS
_n0
_cANA
999 _c145171
_d145171